BELAR výročná správa 2001
Guardado en:
| Formato: | Libro |
|---|---|
| Lenguaje: | eslovaco |
| Publicado: |
Bratislava
Belar - Group, a. s.
[2002]
|
| Materias: | |
| Etiquetas: |
Sin Etiquetas, Sea el primero en etiquetar este registro!
|
MARC
| LEADER | 00000nam$a2200000$$$4500 | ||
|---|---|---|---|
| 001 | 0004265 | ||
| 005 | 20240108123757.9 | ||
| 041 | 0 | |a slo | |
| 044 | |a SK | ||
| 245 | 1 | 0 | |a BELAR |b výročná správa 2001 |
| 264 | 1 | |a Bratislava |b Belar - Group, a. s. |c [2002] | |
| 300 | |a 16 s. | ||
| 610 | 2 | 0 | |a rastliny priemyselné |
| 610 | 2 | 0 | |a obilniny |
| 610 | 2 | 0 | |a nafta |
| 610 | 2 | 0 | |a hnojivá |
| 610 | 2 | 0 | |a agrochemikálie |
| 610 | 2 | 0 | |a skladovanie |
| 610 | 2 | 0 | |a hydina |
| 610 | 2 | 0 | |a spoločnosti dcérske |
| 610 | 2 | 0 | |a výsledok hospodársky |
| 610 | 2 | 0 | |a súvaha |
| 610 | 2 | 0 | |a poľnohospodárstvo |
| 610 | 2 | 0 | |a partneri obchodní |